| 000 | 00868nam a2200217Ia 4500 | ||
|---|---|---|---|
| 001 | 10353 | ||
| 003 | GE_BSU | ||
| 008 | 181216s||||||||xx |||||||||||||| ||und|| | ||
| 040 | _cGE_BSU | ||
| 080 | _a821.353.1–31 | ||
| 100 | _aუბილავა,ელიზბარ | ||
| 245 | _aორი რომანი:მშვიდობით,მთები კაბკასიისა;ცხელი ნაპირი | ||
| 245 | _cრედ.რ.ჯაფარიძე,მხატვ.ვ.ხიდაშელი | ||
| 260 | _aთბილისი | ||
| 260 | _bსაბჭოთა საქართველო | ||
| 260 | _c1988 | ||
| 300 | _a438გვ.20სმ. | ||
| 653 | _aმშვიდობით,მთები კაბკასიისა;ცხელი ნაპირი | ||
| 653 | _aორი რომანი | ||
| 942 | _cBK | ||
| 999 |
_c43618 _d43618 |
||